000 00700nas a2200253 4500
001 BR2013002045
003 BR-BrBNA
005 20231205122215.0
007 ta
008 230509b bl.|||p| |||| 00| 00por d
040 _aBR-BrBNA
_bpor
_cBiblioteca Nacional de Agricultura
041 _a(Pt)
072 _aL70
100 1 _aReviron, T.
100 1 _aHaffar, A.
100 1 _aCheuiche, A.
245 1 _aOperações de rotina no furão
650 _aFURÃO
650 _aCIRURGIA
650 _aVETERINÁRIA
773 0 _tA Hora Veterinária (Brazil)
_xISSN 0101-9163
_g(May-Jun 1998), v.18(103) p. 55-59
_wBR2013002045
909 _a202311
_bLúcia
_c55
_dLúcia Elande
942 _2AGRIS
_n0
_cANA
999 _c227461
_d227461